Countries of the Arab Spring - Statistics

General Stats
  • This quiz has been taken 26 times
  • The average score is 14 of 17
Answer Stats
Hint Answer % Correct
Egypt
100%
Iraq
95%
Libya
95%
Syria
95%
Yemen
95%
Other countries that experienced protests and unrest to a lesser degree Algeria
91%
Tunisia
91%
Morocco
86%
Sudan
86%
Jordan
82%
Lebanon
82%
Oman
82%
Saudi Arabia
82%
Kuwait
77%
Countries that experienced major protests and unrest, but no regime changes Bahrain
68%
Mauritania
68%
Djibouti
45%
No matching quizzes found
Score Distribution
Percent of People with Each Score
Percentile by Number Answered
Your Score History
You have not taken this quiz